Multiple Choice City Quiz - San Antonio - Statistics

General Stats
  • This quiz has been taken 39 times
  • The average score is 5 of 10
Answer Stats
Question Answer % Correct
What historic mission is San Antonio most famous for? The Alamo
97%
Which NBA team is based in San Antonio? Spurs
93%
San Antonio was originally founded as a Spanish mission in what year? 1718
55%
What event marks the origin of San Antonio’s settlement? Spanish colonists founding a presidio and mission
55%
Which San Antonio site is part of a UNESCO World Heritage designation? The Missions
45%
What historic marketplace in San Antonio reflects the city's Mexican culture? El Mercado
38%
What is the name of the observation tower in San Antonio that stands over 700 feet tall? Tower of the Americas
38%
Which historic figure famously said, “Victory or Death”? William B. Travis
34%
Which San Antonio neighborhood has become known for its breweries, food halls, and cultural spaces? La Villita
28%
What type of wildlife can you often see at Brackenridge Park? Ducks
17%
No matching quizzes found
Score Distribution
Percent of People with Each Score
Percentile by Number Answered
Your Score History
You have not taken this quiz